1172 1936 1848 1824 1015 1675 1032 1577 1337 1771 1691 1820 1972 1123 1320 1560 1708 1228 1711 1288 1194 1900 1314 1861 1354 1846 1278 1733 1491 1027 1133 1303 1082 1398 1584 1518 1649 1004 1895 1616 1497 1294 1126 1026 1884 1429 1641 1860 1263 1515 1944 1625 1452 1556 1494 1595 1633 1767 1916 1378 1847 1817 1539 1209 1933 1649 1759 1469 1904 1556 1197 1389 1040 1590 1949 1756 1775 1282 1247 1115 1216 1056 1038 1185 1551 1340 1893 1578 1886 1889 1135 1629 1216 1223 1402 1645 1102 1594 1227 BCNSPRNW ULIB Ver.6.0+V

เปลี่ยนเป็นภาษาไทย

Change to English
 แสดงรายละเอียดบรรณานุกรม
  กลับหน้าหลัก

Brief Record : Get Marc (ISO 2709) : E-mail record : QR code < ปิดหน้าต่าง
LEADER : 00000nam 2200000uu 4500
001    13399123268
003     ULIB
008    140813s||||||||th 000 0 tha d
020    ^a9789741113941
060  4 ^aW84.6.JT3^bส179 ล.1
245 10 ^aสถานการณ์งานวิจัยและแนวทางการพัฒนากรอบการวิจัยเพื่อพัฒนาระบบบริการปฐมภูมิ เล่ม 1/^c[คณะผู้วิจัย สุพัตราศรีวณิชชากร...และคนอื่นๆ]
246 14 ^aสถานการณ์งานวิจัยและแนวทางการพัฒนากรอบการวิจัยเพื่อพัฒนาระบบบริการปฐมภูมิ.^nเล่ม 1
250    ^aพิมพ์ครั้งที่ 1
260    ^aนครปฐม :^bสำนักงานวิจัยและพัฒนาระบบสุขภาพชุมชน,^c2553
300    ^a130 หน้า :^bภาพประกอบ
490 0  ^aชุดรวมผลงานวิจัยของสำนักงานวิจัยและพัฒนาระบบสุขภาพชุมชนพ.ศ. 2550-2552 ;^vเล่มที่ 1
505 0  ^a^tรายงานสถานการณ์งานวิจัยฯ รายภาค - -^tรายงานสถานการณ์งานวิจัยด้านสถานการร์บริการประชาชน - -^tรายงานสถานการณ์งานวิจัยหมวดบริการ -- ^tรายงานสถานการณ์งานวิจัยหมวดบริหารจัดการและระบบสนับสนุน - -^tรายงานสถานการณ์งานวิจัยด้านสมรรถนะและบทบาทของบุคลากรสาธารณสุขในหน่วยบริการปฐมภูมิ - -^tรายงานสถานการณ์งานวิจัยด้านการทำงานชุมชน ท้องถิ่น
650  7 ^aปริการปฐมภูมิ(การแพทย์)^zไทย^xวิจัย^vรวมเรื่อง
650  7 ^aบริการทางการแพทย์^zไทย^xวิจัย^vรวมเรื่อง
700 0  ^aสุพัตรา ศรีวณิชชากร
710 2  ^aสำนักงานวิจัยและพัฒนาระบบสุขภาพชุมชน
856    ^zสถานการณ์งานวิจัย.pdf (Content)^uhttp://113.53.248.4/ULIB6//_fulltext/5/13399123268/20140813111246_4487.pdf
945    ^p0^l0^i034566
999    ^aเกษร โพธิ์สุวรรณ
รายการนี้ยังไม่มีแท็ก
คุณยังไม่ได้ล็อกอิน คุณสามารถมีกิจกรรมร่วมกับเว็บไซต์ได้ แต่ต้องล็อกอินก่อน ::
  ล็อกอิน

รายการสื่อสารสนเทศ

ลำดับที่ ประเภท เลขเรียก/บาร์โค้ด สถานที่ สถานะ
1. วิทยาศาสตร์การแพทย์ และสุขภาพ
หนังสือสำรอง
สถานะ=หนังสือสำรอง
W84.6.JT3 ส179 ล.1 ฉ.1 
  Barcode: 034566
ห้องสมุดวิทยาเขตสวรรค์ประชารักษ์
►ส่วนจัดเก็บหนังสือเก่า สปร
บนชั้น
  ขอยืม

BibComment


ยังไม่เคยถูกคอมเมนท์

คอมเมนท์ทรัพยากรรายการนี้
  คอมเมนท์: สถานการณ์งานวิจั..


 Copyright 2026. Bcnsprnw @Library